| 000 | 00596nam a2200181Ia 4500 | ||
|---|---|---|---|
| 008 | 090124s9999 xx 000 0 und d | ||
| 082 |
_b20376 _a2044 |
||
| 100 | _aपैठणकर अनंत एकनाथ | ||
| 245 | _a पांच संत चरित्रे | ||
| 250 | _a2 | ||
| 260 | _c1974 | ||
| 300 | _a440 | ||
| 600 | _aपैठणकर अनंत एकनाथ | ||
| 630 | _a पांच संत चरित्रे | ||
| 700 | _aपैठणकर अनंत एकनाथ | ||
| 730 | _a पांच संत चरित्रे | ||
| 942 | _cBOOK | ||
| 999 |
_c134182 _d134182 |
||